[Event "Santiago de Compostela Bicapawn GP Rap"]
[Site "Santiago de Compostela"]
[Date "2022.10.22"]
[Round "1"]
[White "Shchekachev, Andrei"]
[Black "Bahamonde Trujillo, Juan"]
[Result "1-0"]
[WhiteElo "2510"]
[BlackElo "1422"]
[PlyCount "105"]
[EventDate "2022.10.22"]
[EventType "swiss (rapid)"]
[EventRounds "9"]
[EventCountry "ESP"]
[SourceTitle "CBM 210 Extra"]
[Source "ChessBase"]
[SourceDate "2022.11.30"]
[SourceVersion "1"]
[SourceVersionDate "2022.11.30"]
[SourceQuality "1"]

1. Nf3 g6 2. e4 c5 3. c4 Bg7 4. d4 cxd4 5. Nxd4 d6 6. Nc3 Nc6 7. Be3 Nf6 8. Be2 Bd7 9. 0-0 Rc8 10. Qd2 Ne5 11. b3 Nfg4 12. Bg5 h6 13. Bh4 g5 14. Bg3 0-0 15. h4 Nc6 16. Nf5 Bxf5 17. exf5 Nge5 18. hxg5 hxg5 19. Qxg5 e6 20. Qh5 Qf6 21. Ne4 Qxf5 22. Qxf5 exf5 23. Nxd6 Rc7 24. Nxf5 Bh8 25. Rad1 Re8 26. Rfe1 Ne7 27. Nd6 Rd8 28. Nb5 Rcd7 29. Rxd7 Rxd7 30. Bxe5 Bxe5 31. Bg4 f5 32. Rxe5 fxg4 33. Rg5+ Kf7 34. Rxg4 Rd1+ 35. Kh2 a6 36. Nc3 Rd2 37. Rf4+ Kg7 38. Re4 Ng6 39. Re2 Rd4 40. g3 Kh6 41. Kg2 Kg5 42. Nd5 a5 43. f4+ Kh6 44. Re6 Kh7 45. Rb6 Rd2+ 46. Kf3 Rxa2 47. Rxb7+ Kh6 48. Rb6 Kg7 49. Kg4 a4 50. Kg5 Nf8 51. bxa4 Rxa4 52. Rc6 Kf7 53. Kf5 1-0

[Event "Ponteareas op 2nd"]
[Site "Ponteareas"]
[Date "2019.04.21"]
[Round "4"]
[White "Dominguez Certal, Dario"]
[Black "Bahamonde Trujillo, Juan"]
[Result "1/2-1/2"]
[WhiteElo "1393"]
[BlackElo "1412"]
[PlyCount "113"]
[EventDate "2019.04.20"]
[EventType "swiss"]
[EventRounds "5"]
[EventCountry "ESP"]
[SourceTitle "CBM 190 Extra"]
[Source "ChessBase"]
[SourceDate "2019.07.15"]
[SourceVersion "1"]
[SourceVersionDate "2019.07.15"]
[SourceQuality "1"]

1. e4 e6 2. d4 d5 3. e5 c5 4. c3 Qb6 5. Nf3 Nc6 6. a3 a5 7. Be2 Bd7 8. 0-0 Be7 9. a4 Nh6 10. Bxh6 gxh6 11. Bb5 Na7 12. Bxd7+ Kxd7 13. dxc5 Qxc5 14. Na3 Qc6 15. Nd4 Qc7 16. Qh5 Raf8 17. Nab5 Nxb5 18. Nxb5 Qb6 19. Qxh6 Rfg8 20. Qd2 Rg5 21. c4 Rxe5 22. cxd5 Rxd5 23. Qf4 f6 24. Rfd1 Rc8 25. Rxd5+ exd5 26. Qf5+ Qe6 27. Qxh7 Rg8 28. Qd3 Rg5 29. g3 Bc5 30. Qh7+ Qe7 31. Qxe7+ Kxe7 32. Rd1 Rf5 33. Rd2 Re5 34. Kg2 Bb4 35. Rc2 b6 36. Nd4 Re4 37. Nc6+ Kd6 38. Nxb4 Rxb4 39. h4 Rxa4 40. h5 Rg4 41. Kh3 Rg8 42. f3 b5 43. f4 f5 44. Rg2 Rg4 45. h6 Rg6 46. Kh4 Rxh6+ 47. Kg5 Rh8 48. Kxf5 Rf8+ 49. Kg6 d4 50. f5 Rg8+ 51. Kf7 Rg4 52. f6 Kd7 53. Kf8 a4 54. f7 b4 55. Re2 Rxg3 56. Re7+ Kd8 57. Re8+ 1/2-1/2

[Event "Pontevedra op-B 6th"]
[Site "Pontevedra"]
[Date "2018.08.09"]
[Round "2"]
[White "Bahamonde Trujillo, Juan"]
[Black "Vilarino Lorenzo, Anton"]
[Result "1-0"]
[WhiteElo "1363"]
[BlackElo "1021"]
[PlyCount "117"]
[EventDate "2018.08.08"]
[EventType "swiss"]
[EventRounds "9"]
[EventCountry "ESP"]
[SourceTitle "CBM 186 Extra"]
[Source "ChessBase"]
[SourceDate "2018.08.24"]
[SourceVersion "1"]
[SourceVersionDate "2018.08.24"]
[SourceQuality "1"]

1. c4 Nf6 2. Nc3 g6 3. d3 Bg7 4. Nf3 d6 5. g3 0-0 6. Bg2 c5 7. 0-0 Nc6 8. d4 Bf5 9. d5 Ne5 10. Nxe5 dxe5 11. e4 Bd7 12. Be3 b6 13. f4 exf4 14. Bxf4 Bg4 15. Qd2 Qd7 16. e5 Ne8 17. d6 Rd8 18. dxe7 Qxe7 19. Qe3 f6 20. Nd5 Qd7 21. Nxf6+ Nxf6 22. exf6 Bxf6 23. Bd5+ Kh8 24. Be5 Bxe5 25. Qxe5+ Qg7 26. Qxg7+ Kxg7 27. Rxf8 Rxf8 28. Re1 Kh6 29. Re7 a5 30. Rb7 Rf6 31. Bg8 Kg5 32. Rxh7 Rf8 33. Bd5 Be2 34. Rf7 Rxf7 35. Bxf7 Kf5 36. Kf2 Bh5 37. h3 Kf6 38. Be8 Ke7 39. Ba4 g5 40. Ke3 Bg6 41. Bd1 Kf6 42. h4 Bb1 43. a3 Bg6 44. h5 Bb1 45. g4 Bh7 46. Be2 Bg8 47. b3 Be6 48. Bf3 Bd7 49. Kd3 Bc8 50. Kc3 Bd7 51. Kd3 Bc8 52. Ke3 Bd7 53. Bd1 Bc8 54. h6 Bb7 55. Bf3 Bxf3 56. Kxf3 Kg6 57. Ke4 Kxh6 58. Kf5 Kg7 59. Kxg5 1-0